Countries in U.S. Military Central Command - Statistics

General Stats
  • This quiz has been taken 23 times
  • The average score is 19 of 21
Answer Stats
Country % Correct
Afghanistan
100%
Egypt
100%
Iran
100%
Israel
100%
Bahrain
95%
Iraq
95%
Jordan
95%
Kuwait
95%
Lebanon
95%
Oman
95%
Qatar
95%
Saudi Arabia
95%
Syria
95%
Yemen
95%
United Arab Emirates
90%
Pakistan
86%
Turkmenistan
86%
Kazakhstan
81%
Kyrgyzstan
81%
Tajikistan
81%
Uzbekistan
81%
No matching quizzes found
Score Distribution
Percent of People with Each Score
Percentile by Number Answered
Your Score History
You have not taken this quiz